| 000 | 00742nam a22002057a 4500 | ||
|---|---|---|---|
| 005 | 20210325174241.0 | ||
| 008 | s2519 th tha d | ||
| 041 | _atha | ||
| 050 | _aHG8051 ส7 | ||
| 100 | 0 | _aสุธรรม พงศ์สำราญ | |
| 245 | 1 | 0 | _aหลักการประกันวินาศภัย |
| 260 | 3 |
_aกรุงเทพฯ : _bไทยวัฒนาพานิช, _c2519 |
|
| 300 |
_a248 หน้า : _b ตาราง, แผนภูมิ |
||
| 650 | 0 | 4 | _aการประกันภัย -- วิจัย |
| 700 | 0 | _aสุธรรม พงศ์สำราญ | |
| 850 | _aNALT | ||
| 942 | _cGB | ||
| 997 | _c000000000003547 | ||
| 998 | _aSOPAPORN | ||
| 999 |
_c3547 _d3547 |
||